[Event "Barcelona Canovelles op 17th"]
[Site "Barcelona"]
[Date "2023.05.07"]
[Round "6"]
[White "Rojas Keim, Luis Alberto"]
[Black "Bilych, Olexiy"]
[Result "1/2-1/2"]
[WhiteElo "2368"]
[BlackElo "2441"]
[PlyCount "133"]
[EventDate "2023.05.07"]
[EventType "swiss (rapid)"]
[EventRounds "9"]
[EventCountry "ESP"]
[SourceTitle "CBM 214 Extra"]
[Source "ChessBase"]
[SourceDate "2023.07.31"]
[SourceVersion "1"]
[SourceVersionDate "2023.07.31"]
[SourceQuality "1"]

1. e4 c5 2. Nf3 d6 3. d4 cxd4 4. Qxd4 Nc6 5. Bb5 a6 6. Bxc6+ bxc6 7. 0-0 e5 8. Qd3 Qc7 9. c4 h6 10. Rd1 Be7 11. b3 Nf6 12. Ba3 c5 13. Nc3 0-0 14. Nd2 Be6 15. Nf1 a5 16. Bb2 Qb7 17. Rab1 Nd7 18. Ne3 Nb6 19. a4 Rfd8 20. Nb5 g6 21. Bc3 Bf8 22. f3 h5 23. Qd2 Bh6 24. Qe1 Qc6 25. Nd5 Bxd5 26. exd5 Qd7 27. Bxa5 Rdb8 28. Bc3 Nc8 29. a5 Ne7 30. b4 Nf5 31. Bd2 Bxd2 32. Qxd2 Rxb5 33. cxb5 Qxb5 34. f4 e4 35. Qc3 cxb4 36. Rxb4 Qe2 37. Re1 Qa2 38. Rbxe4 Ng7 39. Qc6 Rxa5 40. Qxd6 Rxd5 41. Qb8+ Kh7 42. R4e2 Qc4 43. Rf2 Rf5 44. g3 Ne6 45. Qb7 Nc5 46. Qc6 Qd4 47. Qb6 Qc3 48. Ref1 Qe3 49. Qa7 h4 50. Kg2 Qe4+ 51. Kg1 h3 52. Qa1 Nd3 53. Ra2 Qe3+ 54. Kh1 Qe4+ 55. Kg1 Qe3+ 56. Kh1 Rc5 57. Qf6 Qe4+ 58. Kg1 Rc7 59. Qh4+ Kg7 60. Qxh3 Qd4+ 61. Kh1 Qc4 62. Ra8 Qe4+ 63. Qg2 Qe3 64. Qh3 Qe4+ 65. Qg2 Qe3 66. Qh3 Qe4+ 67. Qg2 1/2-1/2

[Event "Titled Tuesday intern op 02nd May Late"]
[Site "Chess.com INT"]
[Date "2023.05.02"]
[Round "8"]
[White "Bilych, Olexiy"]
[Black "Bryant, John Daniel"]
[Result "1-0"]
[WhiteElo "2441"]
[BlackElo "2412"]
[PlyCount "69"]
[EventDate "2023.05.02"]
[EventType "swiss (blitz)"]
[EventRounds "11"]
[EventCountry "USA"]
[SourceTitle "EXT 2024"]
[Source "ChessBase"]
[SourceDate "2023.10.10"]
[SourceVersion "1"]
[SourceVersionDate "2023.10.10"]
[SourceQuality "1"]

1. d4 Nf6 2. c4 g6 3. Nc3 Bg7 4. e4 d6 5. Be2 0-0 6. Be3 c5 7. d5 e6 8. Nf3 exd5 9. cxd5 Bg4 10. Nd2 Bxe2 11. Qxe2 Re8 12. 0-0 Na6 13. Rfe1 Nc7 14. a4 a6 15. a5 Rb8 16. Qd3 Ng4 17. Bf4 Bd4 18. Bg3 Qf6 19. Qf3 Qg5 20. Nc4 Rbd8 21. h4 Qh5 22. Ne2 Ne5 23. Qxh5 gxh5 24. Bxe5 dxe5 25. Ng3 Nb5 26. Nxh5 Kf8 27. Nf6 Re7 28. Rad1 Kg7 29. Nh5+ Kg6 30. Ng3 Ree8 31. Rd3 h5 32. Nf5 Rh8 33. Rg3+ Kf6 34. Rd1 Rd7 35. Rdd3 1-0

[Event "Titled Tuesday intern op 02nd May Late"]
[Site "Chess.com INT"]
[Date "2023.05.02"]
[Round "4"]
[White "Bilych, Olexiy"]
[Black "Loiacono, Leonardo"]
[Result "1-0"]
[WhiteElo "2441"]
[BlackElo "2301"]
[PlyCount "151"]
[EventDate "2023.05.02"]
[EventType "swiss (blitz)"]
[EventRounds "11"]
[EventCountry "USA"]
[SourceTitle "EXT 2024"]
[Source "ChessBase"]
[SourceDate "2023.10.10"]
[SourceVersion "1"]
[SourceVersionDate "2023.10.10"]
[SourceQuality "1"]

1. d4 g6 2. c4 Bg7 3. e4 c5 4. Nf3 cxd4 5. Nxd4 Nc6 6. Be3 d6 7. Nc3 Nf6 8. Be2 0-0 9. 0-0 Bd7 10. h3 Qa5 11. Nb3 Qd8 12. Rc1 a6 13. c5 dxc5 14. Nxc5 Bc8 15. Qxd8 Rxd8 16. Rfd1 Nd7 17. Nd5 e6 18. Nxd7 Rxd7 19. Nb6 Rxd1+ 20. Rxd1 Rb8 21. Nxc8 Rxc8 22. Rd7 b5 23. b3 Rd8 24. Rxd8+ Nxd8 25. a4 bxa4 26. bxa4 a5 27. Bb6 Nc6 28. Bb5 Bd4 29. Bc7 Be5 30. Bxe5 Nxe5 31. f4 f6 32. fxe5 fxe5 33. Kf2 Kf7 34. Ke3 Ke7 35. Kd3 Kd6 36. Kc4 g5 37. g4 h6 38. Be8 Ke7 39. Bh5 Kd6 40. Kb5 Kc7 41. Bf7 Kd6 42. Kb6 Ke7 43. Bg8 Kd6 44. Kxa5 Kc5 45. Bxe6 Kd4 46. Bf5 Kc5 47. Ka6 Kc6 48. a5 Kc7 49. Kb5 Kb8 50. Kc5 Ka7 51. Kd5 Ka6 52. Kxe5 Kxa5 53. Kf6 Kb6 54. Kg6 Kc7 55. Kxh6 Kd8 56. Kxg5 Ke7 57. Kg6 Kf8 58. Be6 Ke7 59. Bd5 Kd6 60. h4 Ke5 61. h5 Kf4 62. g5 Kg4 63. h6 Kh4 64. h7 Kg4 65. h8Q Kf4 66. Qf6+ Ke3 67. Kf7 Kd3 68. g6 Ke3 69. g7 Kd2 70. g8Q Kd3 71. Qgg7 Ke3 72. Qd4+ Kf3 73. e5+ Ke2 74. Qg2+ Ke1 75. Qc3+ Kd1 76. Bf3# 1-0